000 00631nam a2200217Ia 4500
003 GCL
008 140319s9999 xx 000 0 ara d
020 _a9425210977
040 _aGCL /
_cGCL
082 0 4 _a210.955
_bب ا
100 1 _aبطروشوفكى
245 1 0 _aالاسلام فى ايران /
_cبطروشوفكى
700 1 _aالسباعى محمد السباعى
250 _aالثانية
260 _aالقاهرة :
_bدار الزهراء للنشر والتوزيع ،
_c1993
300 _a406 ص ؛
_c24 سم
490 _a
650 0 4 _aالاسلام
650 0 4 _aايران
942 _2ddc
_cBK
999 _c54623
_d54623